000 00300nam a2200109Ia 4500
008 220630s9999 xx 000 0 und d
020 _a0-7981-1266-5
082 _aAF DEKO
100 _aDe Kock, Helene
_967844
245 0 _aMET VANDAG SE BROOD
942 _cBK
_w561
_xJohn Tresidder
_y
_zCRON CRON
999 _c691937
_d691936